Loading...
| Current Events | 1 | 0.00 | 0% | 0% | 0% |
| Fine Arts - Classical Music | 7 | 4.29 | 43% | 0% | 0% |
| Fine Arts - Other | 8 | 10.00 | 88% | 13% | 0% |
| Fine Arts - Painting and Sculpture | 3 | 16.67 | 100% | 67% | 0% |
| Geography | 1 | 10.00 | 100% | 0% | 0% |
| History - American | 7 | 12.86 | 100% | 29% | 0% |
| History - European | 6 | 16.67 | 100% | 50% | 17% |
| History - Other | 4 | 15.00 | 75% | 75% | 0% |
| History - World | 3 | 20.00 | 100% | 100% | 0% |
| Literature - American | 7 | 21.43 | 100% | 86% | 29% |
| Literature - British | 2 | 25.00 | 100% | 100% | 50% |
| Literature - European | 6 | 16.67 | 100% | 67% | 0% |
| Literature - World | 5 | 18.00 | 100% | 60% | 20% |
| Mythology | 6 | 20.00 | 100% | 67% | 33% |
| Other Academic | 2 | 10.00 | 50% | 50% | 0% |
| Philosophy | 3 | 13.33 | 100% | 33% | 0% |
| Pop Culture | 2 | 15.00 | 100% | 0% | 50% |
| Religion | 9 | 13.33 | 78% | 33% | 22% |
| Science - Biology | 2 | 5.00 | 50% | 0% | 0% |
| Science - Chemistry | 7 | 10.00 | 71% | 29% | 0% |
| Science - Other | 7 | 10.00 | 86% | 14% | 0% |
| Science - Physics | 3 | 10.00 | 67% | 33% | 0% |
| Social Science | 4 | 15.00 | 100% | 50% | 0% |